000 00853nam a22002777a 4500
001 000319
003 DO-SdBNP
005 20180126125711.0
007 000319
008 160624b 2009 sp xxu||||| |||| 00| 0 spa d
020 _a9789681910129
040 _aBPMSU
_bspa
_cBPMSU
100 1 _aDahl, Roald
240 1 0 _aBFG.
_lEspañol
245 1 0 _aEl gran gigante Bonachón /
_cRoald Dahl ; ilustraciones de Quentin Blake ; traducción de Herminia Dauer.
260 _aMadrid :
_bAlfaguara,
_c2009.
300 _a172 p. :
_bil. ;
_c20 cm.
490 1 _aAlfaguara Juvenil
500 _aIncluye datos biográficos de la autor.
700 1 2 _aBlake, Quentin,
_eil.
700 1 2 _aDauer, Herminia,
_etr.
830 _pAlfaguara Juvenil
942 _2ddc
_cBK
945 _aInventariado, 2018/MFF
956 _2LOPEREZ
_310
_620160624
_8BPMSU
_a00041
999 _c10580
_d10580